NFL Draft 1991 Quarterbacks Drafted - Statistics

General Stats
  • This quiz has been taken 2 times
  • The average score is 2 of 13
Answer Stats
Round Player Team College % Correct
2 Brett Favre Falcons Southern Mississippi
100%
1 Dan McGwire Seahawks San Diego State
50%
1 Todd Marinovich Raiders USC
50%
4 Bill Muscrave Cowboys Oregon
0%
2 Browning Nagle Jets Louisville
0%
5 Craig Erickson Eagles Miami (FL)
0%
4 Donald Hollas Bengals Rice
0%
12 Jeff Bridewell Cardinals California-Davis
0%
12 Larry Wanke Giants John Carroll
0%
10 Pat O'Hara Buccaneers USC
0%
7 Paul Justin Bears Arizona State
0%
4 Scott Zolak Patriots Maryland
0%
11 Shawn Moore Broncos Virginia
0%
No matching quizzes found
Score Distribution
Percent of People with Each Score
Percentile by Number Answered
Your Score History
You have not taken this quiz